000 01253nam a2200277 i 4500
001 187927
003 ES-MaACL
005 20260304140303.0
008 180326s1929 sp |||| | spa d
080 _a1 Lessing, Gotthold Ephraim
100 0 _aAndrenio,
_d1866-1929
_eaut
_957888
245 1 0 _aLessing y el Laoconte /
_cconferencia dada el 17 de abril de 1929 por Eduardo Gómez de Baquero
260 _aMadrid :
_b[s.n.],
_c1929
_f(Blass tip.)
300 _a11 páginas ;
_c23 cm.
490 1 _aConferencias dadas en el Centro de intercambio intelectual germano-español ;
_v24
530 _aDisponible en formato digital
600 1 4 _aLessing, Gotthold Ephraim,
_d1729-1781.
_tLaokoon
_9241420
655 0 _aConferencias
_9234444
710 2 _aCentro de Intercambio Intelectual Germano-Español
_eisb
_9170812
830 0 0 _aConferencias dadas en el Centro de Intercambio Intelectual Germano-Español
_v24
_9192904
852 _aES-MaACL
_jC-8111(20)
_hDonante: Centro de Intercambio Intelectual Germano-Español (Madrid)
_cSPAL
856 4 _uhttp://bdh-rd.bne.es/viewer.vm?id=0000152832&page=1
_yVersión en línea
_z(Biblioteca Digital Hispánica)
942 _2udc
_cMONOGRAFIA
_n0
999 _c187927
_d187927